MARC details
| 000 -CABECERA |
| campo de control de longitud fija |
02093nam a2200385 a 4500 |
| 003 - IDENTIFICADOR DEL NÚMERO DE CONTROL |
| campo de control |
CHAP |
| 005 - FECHA Y HORA DE LA ÚLTIMA TRANSACCIÓN |
| campo de control |
20250204132027.0 |
| 007 - CAMPO FIJO DE DESCRIPCIÓN FÍSICA--INFORMACIÓN GENERAL |
| campo de control de longitud fija |
ta |
| 008 - DATOS DE LONGITUD FIJA--INFORMACIÓN GENERAL |
| campo de control de longitud fija |
250204s2017 mx o|||gr|||| 001 0 spa d |
| 020 ## - NÚMERO INTERNACIONAL ESTÁNDAR DEL LIBRO |
| Número Internacional Estándar del Libro |
978-607-400-370-3 |
| 040 ## - FUENTE DE LA CATALOGACIÓN |
| Centro catalogador/agencia de origen |
mxchpua |
| Centro/agencia transcriptor |
CHAP |
| Normas de descripción |
rda |
| 041 ## - CÓDIGO DE LENGUA |
| Código de lengua del texto/banda sonora o título independiente |
spa |
| Código de lengua del sumario o resumen |
spa |
| Código de lengua de la tabla de contenido |
spa |
| Código de lengua original |
eng |
| 050 10 - SIGNATURA TOPOGRÁFICA DE LA BIBLIOTECA DEL CONGRESO |
| Número de clasificación |
LD571.B67 |
| Número de documento/Ítem |
.A43 M37 2017 |
| 082 00 - NÚMERO DE LA CLASIFICACIÓN DECIMAL DEWEY |
| Número de edición |
20 |
| Número de clasificación |
808.83935353 |
| Número de documento/Ítem |
A43 M37 2017 |
| 100 1# - ENTRADA PRINCIPAL--NOMBRE DE PERSONA |
| Nombre de persona |
Albom, Mitch |
| 9 (RLIN) |
190038 |
| 240 1# - TÍTULO UNIFORME |
| Título uniforme |
Tuesdays with Morrie. |
| Lenguaje de la obra |
Español |
| 245 10 - MENCIÓN DE TÍTULO |
| Título |
Martes con mi viejo profesor : |
| Resto del título |
una lección de la vida, de la muerte y del amor / |
| Mención de responsabilidad, etc. |
Mitch Albom ; traductor Alejandro Pareja |
| 250 ## - MENCIÓN DE EDICIÓN |
| Mención de edición |
1a edición |
| 264 ## - PRODUCCIÓN, PUBLICACIÓN, DISTRIBUCIÓN, FABRICACIÓN Y COPYRIGHT |
| Producción, publicación, distribución, fabricación y copyright |
México : |
| Nombre del de productor, editor, distribuidor, fabricante |
Océano : Maeva, |
| Fecha de producción, publicación, distribución, fabricación o copyright |
2017 |
| 300 ## - DESCRIPCIÓN FÍSICA |
| Extensión |
219 páginas : |
| Otras características físicas |
fotos |
| 336 ## - TIPO DE CONTENIDO |
| Fuente |
rdacontent |
| Término de tipo de contenido |
texto |
| Código de tipo de contenido |
txt |
| 337 ## - TIPO DE MEDIO |
| Fuente |
rdamedia |
| Nombre/término del tipo de medio |
sin medio |
| Código del tipo de medio |
n |
| 338 ## - TIPO DE SOPORTE |
| Fuente |
rdacarrier |
| Nombre/término del tipo de soporte |
volumen |
| Código del tipo de soporte |
nc |
| 520 2# - SUMARIO, ETC. |
| Sumario, etc. |
n testimonio extraordinario que enseña la lección más valiosa: cómo dar sentido a nuestra vida.<br/><br/>Considerado por The Washington Post como el libro de memorias más vendido de la historia, Martes con mi viejo profesor narra la experiencia vivida por Mitch Albom con Morrie Schwartz, uno de sus profesores de la universidad, al que vuelve a ver por casualidad muchos años después en una entrevista en televisión, en la que se entera de que su viejo profesor sufre ELA, una enfermedad degenerativa. Albom entra de nuevo en contacto con él y le propone verse todos los martes. Durante estos encuentros, tiene la oportunidad de plantearle las grandes preguntas que siguen inquiétandole y de hallar consejo y aliento para su propia vida en las sabias palabras del maestro. |
| 650 10 - PUNTO DE ACCESO ADICIONAL DE MATERIA--TÉRMINO DE MATERIA |
| Término de materia o nombre geográfico como elemento de entrada |
Novela estadounidense |
| Subdivisión cronológica |
Siglo XX |
| 9 (RLIN) |
134193 |
| 650 10 - PUNTO DE ACCESO ADICIONAL DE MATERIA--TÉRMINO DE MATERIA |
| Término de materia o nombre geográfico como elemento de entrada |
Literatura norteamericana |
| Subdivisión general |
Siglo XX |
| 9 (RLIN) |
144999 |
| 650 14 - PUNTO DE ACCESO ADICIONAL DE MATERIA--TÉRMINO DE MATERIA |
| Término de materia o nombre geográfico como elemento de entrada |
Valores (Psicología) |
| 9 (RLIN) |
117674 |
| 650 10 - PUNTO DE ACCESO ADICIONAL DE MATERIA--TÉRMINO DE MATERIA |
| Término de materia o nombre geográfico como elemento de entrada |
Amistad |
| Subdivisión general |
Novela |
| 9 (RLIN) |
162591 |
| 650 10 - PUNTO DE ACCESO ADICIONAL DE MATERIA--TÉRMINO DE MATERIA |
| Término de materia o nombre geográfico como elemento de entrada |
Novel |
| 9 (RLIN) |
161790 |
| 650 10 - PUNTO DE ACCESO ADICIONAL DE MATERIA--TÉRMINO DE MATERIA |
| Término de materia o nombre geográfico como elemento de entrada |
American literature |
| Subdivisión cronológica |
20th century |
| 9 (RLIN) |
153260 |
| 650 10 - PUNTO DE ACCESO ADICIONAL DE MATERIA--TÉRMINO DE MATERIA |
| Término de materia o nombre geográfico como elemento de entrada |
Values (Psychology) |
| 9 (RLIN) |
187249 |
| 650 10 - PUNTO DE ACCESO ADICIONAL DE MATERIA--TÉRMINO DE MATERIA |
| Término de materia o nombre geográfico como elemento de entrada |
Friendship |
| Subdivisión general |
Fiction |
| 9 (RLIN) |
162592 |
| 700 ## - PUNTO DE ACCESO ADICIONAL--NOMBRE DE PERSONA |
| Nombre de persona |
Pareja Rodríguez, Alejandro |
| Término indicativo de función/relación |
traductor |
| 9 (RLIN) |
190061 |
| 942 ## - ELEMENTOS DE PUNTO DE ACCESO ADICIONAL (KOHA) |
| Fuente del sistema de clasificación o colocación |
Dewey Decimal Classification |
| Tipo de ítem Koha |
Libro |